[Event "DVM U14 2015"]
[Site "Verden/Aller GER"]
[Date "2015.12.28"]
[Round "4"]
[White "Scholz, Sebastian"]
[Black "Holinka, Henning"]
[Result "0-1"]
[Termination "normal"]
[Board "2.2"]
[WhiteElo "1744"]
[BlackElo "2027"]
[WhiteTeam "Märkischer Springer Halver-Schalksmühle"]
[BlackTeam "Hamburger SK von 1830"]
[PlyCount "82"]
[WhiteFideId "16202597"]
[BlackFideId "12967084"]
[EventCountry "GER"]
[EventRounds "7"]
[EventType "team-swiss"]
[EventDate "2015.12.26"]

1. e4 g6 2. d4 Bg7 3. Nc3 a6 4. f4 d5 5. e5 h5 6. Nf3 Nc6 7. a3 Nh6 8. Be3 Bg4
9. Be2 e6 10. Qd2 Nf5 11. Bf2 Bh6 12. Ng5 Bxe2 13. Nxe2 h4 14. g4 hxg3 15. Nxg3
Bxg5 16. fxg5 Nh4 17. Ke2 Ne7 18. Raf1 Nef5 19. Nxf5 Nxf5 20. h4 Rh5 21. Rh3
Qd7 22. b3 b6 23. Kd1 Qb5 24. Rfh1 Kf8 25. a4 Qd7 26. Qb4+ Kg7 27. Qa3 a5 28.
c3 Rc8 29. Kd2 c6 30. Rc1 Qc7 31. Kd1 c5 32. Kd2 Rhh8 33. Qb2 Qe7 34. Rhh1 Nxh4
35. Be3 Nf3+ 36. Kd3 Nxg5 37. Qf2 Ne4 38. Qf4 cxd4 39. cxd4 Qb4 40. Rxc8 Qxb3+
41. Ke2 Rxh1 0-1

[Event "DVM U14 2015"]
[Site "Verden/Aller GER"]
[Date "2015.12.28"]
[Round "4"]
[White "Engel, Robert"]
[Black "Kölz, Niklas"]
[Result "0-1"]
[Termination "normal"]
[Board "2.3"]
[WhiteElo "1839"]
[BlackElo "1703"]
[WhiteTeam "Hamburger SK von 1830"]
[BlackTeam "Märkischer Springer Halver-Schalksmühle"]
[PlyCount "84"]
[WhiteFideId "12974684"]
[BlackFideId "12971758"]
[EventCountry "GER"]
[EventRounds "7"]
[EventType "team-swiss"]
[EventDate "2015.12.26"]

1. e4 c5 2. Nf3 e6 3. g3 Qc7 4. Bg2 d6 5. O-O Nd7 6. d3 Be7 7. Nbd2 b6 8. Ne1
Bb7 9. f4 Ngf6 10. Nef3 d5 11. e5 Nh5 12. Qe2 g6 13. a4 Ng7 14. Nb3 a5 15. Re1
h5 16. Be3 Nf5 17. Bf2 Rc8 18. Nbd2 Ba6 19. c4 d4 20. Ne4 Bb7 21. Nfd2 Kf8 22.
h3 Ng7 23. Rf1 f5 24. exf6 Bxf6 25. Nxf6 Nxf6 26. Ne4 Nxe4 27. Bxe4 Qf7 28.
Rae1 Re8 29. Bxb7 Qxb7 30. Qe4 Qf7 31. Qc6 Qf5 32. Qxb6 Qxh3 33. Qxc5+ Kf7 34.
Qg5 Nf5 35. Re2 h4 36. g4 Ng3 37. Bxg3 hxg3 38. Qh5 gxh5 39. f5 hxg4 40. fxe6+
Kg6 41. Rf6+ Kxf6 42. Rf2+ gxf2+ 0-1

[Event "DVM U14 2015"]
[Site "Verden/Aller GER"]
[Date "2015.12.28"]
[Round "4"]
[White "Browning, Rebecca"]
[Black "Meyling, Lennart"]
[Result "1-0"]
[Termination "normal"]
[Board "2.4"]
[WhiteElo "1589"]
[BlackElo "1763"]
[WhiteTeam "Märkischer Springer Halver-Schalksmühle"]
[BlackTeam "Hamburger SK von 1830"]
[PlyCount "71"]
[WhiteFideId "12984027"]
[BlackFideId "12947130"]
[EventCountry "GER"]
[EventRounds "7"]
[EventType "team-swiss"]
[EventDate "2015.12.26"]

1. e4 c5 2. c3 Nf6 3. e5 Nd5 4. Nf3 e6 5. d4 cxd4 6. Nxd4 Nc6 7. Nxc6 bxc6 8.
Be2 Qc7 9. c4 Ne7 10. Bf4 Ng6 11. Bg3 Qa5+ 12. Nc3 Nxe5 13. a3 Ng6 14. b4 Qd8
15. O-O d5 16. cxd5 cxd5 17. Nb5 f5 18. Bh5 Kf7 19. Nc7 Rb8 20. Nxd5 Bd6 21.
Nf4 e5 22. Nxg6 hxg6 23. Be2 f4 24. Bc4+ Be6 25. Bxe6+ Kxe6 26. Qb3+ Ke7 27.
Bxf4 exf4 28. Rfe1+ Kf8 29. Rad1 Qh4 30. h3 Qf6 31. Re6 Qf7 32. Rdxd6 a5 33.
Qd5 Qc7 34. Rd7 Qc1+ 35. Kh2 Qc8 36. Rf6+ 1-0

[Event "DVM U14 2015"]
[Site "Verden/Aller GER"]
[Date "2015.12.28"]
[Round "4"]
[White "Wiesner, Alexander"]
[Black "Kesselmeier, Kevin"]
[Result "0-1"]
[Termination "normal"]
[Board "3.1"]
[WhiteElo "1886"]
[BlackElo "1660"]
[WhiteTeam "Karlsruher SF 1853"]
[BlackTeam "SK Blauer Springer Paderborn 1926"]
[PlyCount "144"]
[WhiteFideId "12943991"]
[BlackFideId "16217551"]
[EventCountry "GER"]
[EventRounds "7"]
[EventType "team-swiss"]
[EventDate "2015.12.26"]

1. f4 c5 2. Nf3 Nc6 3. g3 g6 4. Bg2 Bg7 5. O-O e6 6. Nc3 Nge7 7. e4 d6 8. d3
O-O 9. Be3 a6 10. Kh1 b5 11. d4 cxd4 12. Nxd4 Bb7 13. Nce2 Rc8 14. c3 Na5 15.
Bf2 e5 16. Nc2 Qc7 17. Qd3 Rfd8 18. Ne3 Nc4 19. Nxc4 Qxc4 20. Qxc4 Rxc4 21. b3
Rcc8 22. Rac1 d5 23. exd5 Bxd5 24. Rc2 Bxg2+ 25. Kxg2 e4 26. Bd4 Bxd4 27. Nxd4
Rxd4 28. Rfc1 Rd3 29. c4 bxc4 30. bxc4 Nf5 31. Kf2 Rf3+ 32. Ke1 Ne3 33. Rc3
Rf1+ 34. Ke2 Rxc1 35. Rxc1 Rxc4 36. Rb1 Nf5 37. Rb2 a5 38. g4 Nh6 39. h3 f5 40.
Rb8+ Kg7 41. Rb7+ Nf7 42. gxf5 gxf5 43. Rb5 Rc2+ 44. Ke3 Rxa2 45. Rxf5 Ra3+ 46.
Kd2 a4 47. Ra5 h6 48. h4 Rf3 49. Rxa4 Rxf4 50. h5 Kf6 51. Ke3 Rg4 52. Ra5 Rh4
53. Ra6+ Ke5 54. Ra5+ Ke6 55. Rc5 Nd6 56. Ke2 Rh3 57. Ra5 Nf5 58. Ra4 Ke5 59.
Ra5+ Kf4 60. Ra8 Rxh5 61. Rg8 Rh2+ 62. Ke1 e3 63. Ra8 Kf3 64. Kd1 e2+ 65. Kd2
Rh1 66. Ra3+ Kf2 67. Kd3 Rh3+ 68. Kc2 Rxa3 69. Kb2 Rh3 70. Kc2 e1=Q 71. Kb2
Qd2+ 72. Kb1 Rh1# 0-1

[Event "DVM U14 2015"]
[Site "Verden/Aller GER"]
[Date "2015.12.28"]
[Round "4"]
[White "Schlangenotto, Niklas"]
[Black "Chernykh, Arkady"]
[Result "1/2-1/2"]
[Termination "normal"]
[Board "3.2"]
[WhiteElo "1661"]
[BlackElo "1822"]
[WhiteTeam "SK Blauer Springer Paderborn 1926"]
[BlackTeam "Karlsruher SF 1853"]
[PlyCount "107"]
[WhiteFideId "16217560"]
[BlackFideId "12989436"]
[EventCountry "GER"]
[EventRounds "7"]
[EventType "team-swiss"]
[EventDate "2015.12.26"]

1. d4 Nf6 2. Nf3 g6 3. g3 Bg7 4. Bg2 O-O 5. O-O d6 6. c4 Nc6 7. Nc3 Na5 8. b3
c5 9. e3 Rb8 10. Qe2 a6 11. Bd2 b5 12. Rab1 Bd7 13. Rfc1 Re8 14. d5 e6 15. Ne1
exd5 16. Nxd5 Nc6 17. Nd3 Nxd5 18. cxd5 Ne7 19. Bc3 Bxc3 20. Rxc3 Nf5 21. Qd2
Ng7 22. Re1 Nh5 23. e4 b4 24. Rc2 Bb5 25. Qd1 Bxd3 26. Qxd3 Ra8 27. f4 f6 28.
Qc4 Kh8 29. Rce2 Qc7 30. Rc1 Rec8 31. Bh3 Re8 32. Qxb4 a5 33. Qc3 Qg7 34. Rd1
g5 35. Bg4 gxf4 36. Bxh5 Re5 37. Qf3 fxg3 38. Kh1 Qh6 39. Bg4 Rae8 40. Rf1 Rxe4
41. Qg2 f5 42. Rxe4 fxe4 43. Be6 gxh2 44. Qb2+ Qg7 45. Qxg7+ Kxg7 46. Kxh2 Ra8
47. Kg3 a4 48. Kg4 axb3 49. Kg5 Rxa2 50. Rf7+ Kh8 51. Rf8+ Kg7 52. Rf7+ Kh8 53.
Rf8+ Kg7 54. Rf7+ 1/2-1/2

[Event "DVM U14 2015"]
[Site "Verden/Aller GER"]
[Date "2015.12.28"]
[Round "4"]
[White "Koll, Lukas"]
[Black "Wanke, Mathis"]
[Result "1/2-1/2"]
[Termination "normal"]
[Board "3.3"]
[WhiteElo "1633"]
[BlackElo "1544"]
[WhiteTeam "Karlsruher SF 1853"]
[BlackTeam "SK Blauer Springer Paderborn 1926"]
[PlyCount "81"]
[WhiteFideId "12969737"]
[BlackFideId "16217578"]
[EventCountry "GER"]
[EventRounds "7"]
[EventType "team-swiss"]
[EventDate "2015.12.26"]

1. Nf3 d5 2. e3 Nf6 3. d4 c6 4. b3 e6 5. Bd3 Bd6 6. O-O Nbd7 7. Bb2 O-O 8. h3
Re8 9. Nbd2 e5 10. dxe5 Nxe5 11. Nxe5 Bxe5 12. Bd4 Bxd4 13. exd4 Qb6 14. c3 Bd7
15. Qc2 Re7 16. Nf3 h6 17. Rfe1 Rae8 18. Ne5 Be6 19. Re2 Nd7 20. Rae1 Nxe5 21.
Rxe5 Kf8 22. Qd2 Qc7 23. Qe2 Bc8 24. Rxe7 Qxe7 25. Qxe7+ Rxe7 26. Re3 Rxe3 27.
fxe3 Ke7 28. Kf2 Kf6 29. Kf3 Bf5 30. e4 dxe4+ 31. Bxe4 Bxe4+ 32. Kxe4 Ke6 33.
g4 g6 34. Kf4 Kd5 35. Ke3 Kd6 36. c4 Ke6 37. Kf4 Kd6 38. h4 Ke6 39. g5 hxg5+
40. hxg5 f5 41. a4 1/2-1/2

[Event "DVM U14 2015"]
[Site "Verden/Aller GER"]
[Date "2015.12.28"]
[Round "4"]
[White "Müller, Noah"]
[Black "Koll, Linus"]
[Result "0-1"]
[Termination "normal"]
[Board "3.4"]
[WhiteElo "1619"]
[BlackElo "1462"]
[WhiteTeam "SK Blauer Springer Paderborn 1926"]
[BlackTeam "Karlsruher SF 1853"]
[PlyCount "74"]
[WhiteFideId "16217586"]
[BlackFideId "12990299"]
[EventCountry "GER"]
[EventRounds "7"]
[EventType "team-swiss"]
[EventDate "2015.12.26"]

1. c4 c5 2. g3 d6 3. Bg2 g6 4. Nc3 Nf6 5. e4 Nc6 6. Nge2 Bg7 7. d3 Bd7 8. O-O
O-O 9. h3 Qc8 10. Kh2 Nd4 11. Nd5 Nxd5 12. cxd5 f5 13. Be3 fxe4 14. Bxd4 cxd4
15. Rc1 Qd8 16. Bxe4 Bf5 17. Qd2 Qd7 18. Bg2 Qb5 19. Be4 Rac8 20. Rxc8 Rxc8 21.
Rc1 Rxc1 22. Nxc1 Bxe4 23. dxe4 Qf1 24. Nb3 Qc4 25. Qc1 Qe2 26. Qd2 d3 27. Qe3
Bxb2 28. Kg2 Bc3 29. Qc1 Qxe4+ 30. Kh2 Qe1 31. Qf4 d2 32. Nxd2 Qxd2 33. Qf3 Bd4
34. Kg2 Bf6 35. Qb3 b6 36. Qb5 Qxa2 37. Qe8+ Kg7 0-1

[Event "DVM U14 2015"]
[Site "Verden/Aller GER"]
[Date "2015.12.28"]
[Round "4"]
[White "Garbuz, Vitaliy"]
[Black "Schneider, Jana"]
[Result "1/2-1/2"]
[Termination "normal"]
[Board "4.1"]
[WhiteElo "1882"]
[BlackElo "2113"]
[WhiteTeam "SF Brackel 1930"]
[BlackTeam "Spvgg 1946 Stetten"]
[PlyCount "64"]
[WhiteFideId "12990710"]
[BlackFideId "12924997"]
[EventCountry "GER"]
[EventRounds "7"]
[EventType "team-swiss"]
[EventDate "2015.12.26"]

1. e4 e5 2. Nf3 Nc6 3. Bc4 Bc5 4. b4 Bxb4 5. c3 Be7 6. d4 Na5 7. Nxe5 Nxc4 8.
Nxc4 d5 9. exd5 Qxd5 10. Ne3 Qd7 11. Qf3 Nf6 12. O-O O-O 13. Ba3 Bxa3 14. Nxa3
Qa4 15. Nac2 Be6 16. Rfb1 b6 17. Rb4 Qd7 18. c4 c5 19. dxc5 bxc5 20. Rb5 Bxc4
21. Rxc5 Be6 22. Qc6 Rfd8 23. Qxd7 Rxd7 24. Nb4 Kf8 25. Rac1 Ng4 26. h3 Nxe3
27. fxe3 h5 28. Nc6 Bxa2 29. Na5 Rd5 30. Nb7 Rxc5 31. Nxc5 Ke7 32. Ra1 Bd5
1/2-1/2

[Event "DVM U14 2015"]
[Site "Verden/Aller GER"]
[Date "2015.12.28"]
[Round "4"]
[White "Roth, Jakob"]
[Black "Salem Elier, Ali"]
[Result "1-0"]
[Termination "normal"]
[Board "4.2"]
[WhiteElo "1774"]
[BlackElo "1567"]
[WhiteTeam "Spvgg 1946 Stetten"]
[BlackTeam "SF Brackel 1930"]
[PlyCount "65"]
[WhiteFideId "12952605"]
[BlackFideId "16217543"]
[EventCountry "GER"]
[EventRounds "7"]
[EventType "team-swiss"]
[EventDate "2015.12.26"]

1. d4 Nf6 2. c4 g6 3. Nc3 Bg7 4. e4 d6 5. Nf3 O-O 6. Be2 e5 7. d5 Ne8 8. O-O f5
9. Nd2 f4 10. b4 g5 11. c5 Nf6 12. f3 h5 13. a4 g4 14. Nc4 g3 15. hxg3 fxg3 16.
Bg5 Bh6 17. Bh4 Rf7 18. Bxg3 Rg7 19. Bh4 Na6 20. cxd6 cxd6 21. Qb3 Bd7 22. Nb5
Bxb5 23. axb5 Nc7 24. Na5 Nce8 25. Bf2 Qd7 26. Be3 Bxe3+ 27. Qxe3 h4 28. Nc4
Nh5 29. Nb6 Rxg2+ 30. Kxg2 Qg7+ 31. Kh1 Ng3+ 32. Kh2 Nxf1+ 33. Bxf1 1-0

[Event "DVM U14 2015"]
[Site "Verden/Aller GER"]
[Date "2015.12.28"]
[Round "4"]
[White "Kartsev, Nikolaj"]
[Black "Häusler, Luis"]
[Result "1/2-1/2"]
[Termination "normal"]
[Board "4.3"]
[WhiteElo "1700"]
[BlackElo "1390"]
[WhiteTeam "SF Brackel 1930"]
[BlackTeam "Spvgg 1946 Stetten"]
[PlyCount "110"]
[WhiteFideId "12939536"]
[BlackFideId "12942928"]
[EventCountry "GER"]
[EventRounds "7"]
[EventType "team-swiss"]
[EventDate "2015.12.26"]

1. e4 c5 2. Nf3 d6 3. d4 cxd4 4. Nxd4 Nf6 5. Nc3 a6 6. f3 e6 7. Be3 Be7 8. Bc4
b5 9. Bb3 Bb7 10. Qd2 Nbd7 11. Bxe6 fxe6 12. Nxe6 Qc8 13. Nxg7+ Kd8 14. Nf5 Qc6
15. Nd4 Qc4 16. Nf5 d5 17. exd5 Nxd5 18. Nxd5 Qxd5 19. Qxd5 Bxd5 20. O-O-O Bb7
21. Bb6+ Ke8 22. Ng7+ Kf8 23. Rxd7 Bc8 24. Rc7 Bd8 25. Bc5+ Kg8 26. Rc6 Bb7 27.
Rd6 Be7 28. Rd7 Bxc5 29. Rxb7 Ra7 30. Rxa7 Bxa7 31. Rd1 Be3+ 32. Kb1 Kxg7 33.
Rd7+ Kf6 34. Rd6+ Ke7 35. Rd1 Kf6 36. Rd6+ Ke7 37. Rd3 Bh6 38. b3 Rd8 39. Rxd8
Kxd8 40. c4 bxc4 41. bxc4 Kc7 42. Kc2 Bf4 43. h3 Bg3 44. Kb3 Kb6 45. Ka4 a5 46.
c5+ Kxc5 47. Kxa5 h5 48. a4 h4 49. Ka6 Kc6 50. Ka7 Bf4 51. Ka6 Bb8 52. Ka5 Kc5
53. Ka6 Kc6 54. Ka5 Kc5 55. Ka6 Kc6 1/2-1/2

[Event "DVM U14 2015"]
[Site "Verden/Aller GER"]
[Date "2015.12.28"]
[Round "4"]
[White "Binner, Jule"]
[Black "Kracht, Raphael"]
[Result "1/2-1/2"]
[Termination "normal"]
[Board "4.4"]
[WhiteElo "1393"]
[BlackElo "1689"]
[WhiteTeam "Spvgg 1946 Stetten"]
[BlackTeam "SF Brackel 1930"]
[PlyCount "91"]
[WhiteFideId "16205332"]
[BlackFideId "16214382"]
[EventCountry "GER"]
[EventRounds "7"]
[EventType "team-swiss"]
[EventDate "2015.12.26"]

1. e4 e5 2. f4 exf4 3. Nf3 Be7 4. Qe2 d5 5. exd5 Nf6 6. Nc3 O-O 7. d4 c6 8.
Bxf4 cxd5 9. Qf2 Bb4 10. Bd2 Re8+ 11. Ne5 Nc6 12. Bb5 Bxc3 13. Bxc3 Nxe5 14.
dxe5 Ne4 15. Qf3 Bd7 16. Bxd7 Qxd7 17. O-O Qe6 18. Rfe1 Rac8 19. Rad1 b5 20. a3
Rc6 21. Qd3 g6 22. Re2 a6 23. Qxd5 Qxd5 24. Rxd5 Nxc3 25. bxc3 Rxc3 26. Rd3 Rc6
27. Kf2 f6 28. exf6 Rxe2+ 29. Kxe2 Rxc2+ 30. Rd2 Rxd2+ 31. Kxd2 Kf7 32. Kc3 a5
33. Kd4 Kxf6 34. Kc5 b4 35. axb4 axb4 36. Kxb4 Ke5 37. Kc3 Kf4 38. Kd3 h5 39.
Ke2 Ke4 40. g3 g5 41. h3 g4 42. h4 Kd4 43. Kd2 Ke4 44. Ke2 Kd4 45. Kd2 Ke4 46.
Ke2 1/2-1/2

[Event "DVM U14 2015"]
[Site "Verden/Aller GER"]
[Date "2015.12.28"]
[Round "4"]
[White "Askerov, Imamali"]
[Black "Silber, Kevin"]
[Result "0-1"]
[Termination "normal"]
[Board "5.1"]
[WhiteElo "1883"]
[BlackElo "1836"]
[WhiteTeam "Post SV Uelzen"]
[BlackTeam "Delmenhorster SK V 1931"]
[PlyCount "62"]
[WhiteFideId "12974498"]
[BlackFideId "12930440"]
[EventCountry "GER"]
[EventRounds "7"]
[EventType "team-swiss"]
[EventDate "2015.12.26"]

1. d4 d5 2. c4 c6 3. Nc3 Nf6 4. Nf3 dxc4 5. e4 b5 6. a3 Bg4 7. Be2 Bxf3 8. Bxf3
e6 9. O-O a6 10. Be3 Be7 11. Qc2 O-O 12. Rad1 Qc7 13. Be2 Nbd7 14. f4 Nb6 15.
Kh1 c5 16. d5 exd5 17. Nxd5 Nbxd5 18. exd5 Rad8 19. Bf3 Bd6 20. g3 Rfe8 21.
Rfe1 Re7 22. Bd2 Rde8 23. Rxe7 Rxe7 24. Bc3 Re3 25. Kg2 Qe7 26. Bd2 Re2+ 27.
Kh1 Rf2 28. Qc3 Nxd5 29. Bxd5 Qe2 30. Qe3 Qxd1+ 31. Qe1 Rf1+ 0-1

[Event "DVM U14 2015"]
[Site "Verden/Aller GER"]
[Date "2015.12.28"]
[Round "4"]
[White "Sinnhöfer, Jonas"]
[Black "von Estorff, Jacob"]
[Result "1/2-1/2"]
[Termination "normal"]
[Board "5.2"]
[WhiteElo "1741"]
[BlackElo "1841"]
[WhiteTeam "Delmenhorster SK V 1931"]
[BlackTeam "Post SV Uelzen"]
[PlyCount "43"]
[WhiteFideId "12982938"]
[BlackFideId "12974501"]
[EventCountry "GER"]
[EventRounds "7"]
[EventType "team-swiss"]
[EventDate "2015.12.26"]

1. e4 c5 2. Nf3 Nc6 3. d4 cxd4 4. Nxd4 g6 5. c4 Bg7 6. Be3 d6 7. Be2 Nf6 8. Nc3
O-O 9. O-O Bd7 10. f3 Qb6 11. Na4 Qd8 12. Nc3 Rc8 13. Nd5 Nxd5 14. cxd5 Nxd4
15. Bxd4 Bxd4+ 16. Qxd4 a6 17. Rac1 Qa5 18. a3 Bb5 19. Bxb5 Qxb5 20. Rfd1 Qb3
21. Qd2 Rfd8 22. h3 1/2-1/2

[Event "DVM U14 2015"]
[Site "Verden/Aller GER"]
[Date "2015.12.28"]
[Round "4"]
[White "Knüdel, Torben"]
[Black "Petri, Ben-Luca"]
[Result "1/2-1/2"]
[Termination "normal"]
[Board "5.3"]
[WhiteElo "1697"]
[BlackElo "1530"]
[WhiteTeam "Post SV Uelzen"]
[BlackTeam "Delmenhorster SK V 1931"]
[PlyCount "137"]
[WhiteFideId "16208820"]
[BlackFideId "12947261"]
[EventCountry "GER"]
[EventRounds "7"]
[EventType "team-swiss"]
[EventDate "2015.12.26"]

1. e4 e6 2. d4 d5 3. exd5 exd5 4. Bd3 Bd6 5. Ne2 Ne7 6. c3 O-O 7. Qc2 h6 8. Be3
Nd7 9. Nd2 c6 10. g4 c5 11. Ng3 cxd4 12. Bxd4 Ne5 13. Bh7+ Kh8 14. Bf5 Bxf5 15.
gxf5 N7c6 16. Be3 Ng4 17. O-O-O Nxe3 18. fxe3 Rc8 19. Nf3 Qe7 20. Rhe1 Bxg3 21.
hxg3 Nb4 22. Qb1 Rfd8 23. a3 Nc6 24. g4 Ne5 25. Nxe5 Qxe5 26. Qd3 Rc6 27. Qd4
Qxd4 28. exd4 Rc7 29. Re2 Kg8 30. Rde1 Kf8 31. Kd2 f6 32. Re6 Kf7 33. Kd3 Rdd7
34. a4 Rc8 35. b3 Rcd8 36. Rc1 Rd6 37. Rxd6 Rxd6 38. c4 dxc4+ 39. bxc4 Rd7 40.
Re1 g6 41. d5 gxf5 42. gxf5 b6 43. Kd4 Re7 44. Rxe7+ Kxe7 45. Ke4 Kd6 46. Kf4
h5 47. Kg3 Ke5 48. Kh4 Kxf5 49. Kxh5 a5 50. Kh4 Ke5 51. Kg4 f5+ 52. Kf3 f4 53.
Ke2 Kd6 54. Kd2 Ke5 55. Kd3 Kf5 56. Kd4 Kg4 57. d6 f3 58. Ke3 Kg3 59. d7 f2 60.
d8=Q f1=Q 61. Qg5+ Kh3 62. Qh5+ Kg3 63. Qg6+ Kh3 64. Qh5+ Kg3 65. Qg5+ Kh3 66.
Qh6+ Kg3 67. Qg5+ Kh3 68. Qh5+ Kg3 69. Qg5+ 1/2-1/2

[Event "DVM U14 2015"]
[Site "Verden/Aller GER"]
[Date "2015.12.28"]
[Round "4"]
[White "Rautenberg, Jakob"]
[Black "Rothenberg, Jannik"]
[Result "0-1"]
[Termination "normal"]
[Board "5.4"]
[WhiteElo "1364"]
[BlackElo "1430"]
[WhiteTeam "Delmenhorster SK V 1931"]
[BlackTeam "Post SV Uelzen"]
[PlyCount "70"]
[WhiteFideId "16214749"]
[BlackFideId "16204743"]
[EventCountry "GER"]
[EventRounds "7"]
[EventType "team-swiss"]
[EventDate "2015.12.26"]

1. e4 e6 2. d4 d5 3. Nd2 Nf6 4. Bd3 c5 5. c3 Nc6 6. Ne2 cxd4 7. cxd4 Be7 8. O-O
O-O 9. e5 Nd7 10. Nf3 f6 11. Bf4 fxe5 12. Bxe5 Ndxe5 13. Nxe5 Nxe5 14. dxe5 Qb6
15. Qc2 h6 16. Ng3 Bd7 17. b3 Rac8 18. Qe2 Bc5 19. Rad1 a6 20. h3 Bb5 21. Bxb5
axb5 22. Qd2 b4 23. Qb2 Rf7 24. Nh5 Rcf8 25. Rd2 Be3 26. Re2 Bd4 27. Qd2 Rf5
28. Ng3 Rxe5 29. Rxe5 Bxe5 30. Ne2 Qc5 31. Qe3 Qxe3 32. fxe3 Bh2+ 33. Kxh2 Rxf1
34. Nf4 d4 35. Nxe6 d3 0-1

[Event "DVM U14 2015"]
[Site "Verden/Aller GER"]
[Date "2015.12.28"]
[Round "4"]
[White "Kunath, Tim"]
[Black "Pfreundt, Mathis"]
[Result "1/2-1/2"]
[Termination "normal"]
[Board "6.1"]
[WhiteElo "1769"]
[BlackElo "1871"]
[WhiteTeam "TuS Coswig 1920"]
[BlackTeam "Königsspringer SC 1984"]
[PlyCount "50"]
[WhiteFideId "12985074"]
[BlackFideId "12967092"]
[EventCountry "GER"]
[EventRounds "7"]
[EventType "team-swiss"]
[EventDate "2015.12.26"]

1. e4 c5 2. Nf3 Nc6 3. d4 cxd4 4. Nxd4 g6 5. Nc3 Bg7 6. Be3 Nf6 7. Bc4 Qa5 8.
O-O O-O 9. Bb3 d6 10. f3 Bd7 11. Kh1 Rac8 12. Nxc6 Bxc6 13. Bd4 a6 14. Nd5 Bxd5
15. exd5 Nd7 16. Bxg7 Kxg7 17. Qd4+ Kg8 18. Rfe1 Rfe8 19. c3 Qc5 20. Rad1 Qxd4
21. Rxd4 Nc5 22. Bc2 Rc7 23. a4 Kg7 24. Kg1 h6 25. Kf2 Kf6 1/2-1/2

[Event "DVM U14 2015"]
[Site "Verden/Aller GER"]
[Date "2015.12.28"]
[Round "4"]
[White "Kipke, Kevin"]
[Black "Lehne, Arwin Hugo"]
[Result "0-1"]
[Termination "normal"]
[Board "6.2"]
[WhiteElo "1666"]
[BlackElo "1437"]
[WhiteTeam "Königsspringer SC 1984"]
[BlackTeam "TuS Coswig 1920"]
[PlyCount "111"]
[WhiteFideId "12988332"]
[BlackFideId "12985090"]
[EventCountry "GER"]
[EventRounds "7"]
[EventType "team-swiss"]
[EventDate "2015.12.26"]

1. e4 c5 2. Nf3 Nc6 3. d4 cxd4 4. Nxd4 g6 5. Be3 Bg7 6. Nc3 d6 7. Bc4 Nf6 8.
O-O O-O 9. f3 Bd7 10. Qd2 Qa5 11. Rad1 a6 12. Nb3 Qc7 13. Bd3 Ne5 14. Bh6 Nxd3
15. cxd3 Rac8 16. Bxg7 Kxg7 17. Rc1 Qb6+ 18. Kh1 Be6 19. Na1 Rc6 20. f4 Qa5 21.
a3 Nd7 22. Nc2 Qb6 23. Nb4 Rcc8 24. Ncd5 Bxd5 25. Nxd5 Rxc1 26. Rxc1 Qd8 27.
Rf1 Nf6 28. Nc3 Qa5 29. Rf3 Rc8 30. Rh3 d5 31. e5 d4 32. exf6+ exf6 33. f5 g5
34. Qc1 dxc3 35. Re3 cxb2 36. Qxb2 Qxf5 37. Rf3 Qe5 38. Qb1 Qb5 39. Qa1 Qe5 40.
Qb1 Rc2 41. Rf1 Qe2 42. Rg1 Rb2 43. Qd1 Qf2 44. Qg4 Re2 45. Qb4 h5 46. Qa5 h4
47. h3 Qg3 48. Qb4 g4 49. Qxg4+ Qxg4 50. hxg4 Rd2 51. Rb1 Rxd3 52. Rxb7 Rxa3
53. Ra7 a5 54. Kh2 a4 55. Ra5 Ra1 56. Kh3 0-1

[Event "DVM U14 2015"]
[Site "Verden/Aller GER"]
[Date "2015.12.28"]
[Round "4"]
[White "von Koslowski, Wilhelm"]
[Black "Cinar, Alihan"]
[Result "1-0"]
[Termination "normal"]
[Board "6.3"]
[WhiteElo "1526"]
[BlackElo "1171"]
[WhiteTeam "TuS Coswig 1920"]
[BlackTeam "Königsspringer SC 1984"]
[PlyCount "73"]
[WhiteFideId "12985147"]
[BlackFideId "16217608"]
[EventCountry "GER"]
[EventRounds "7"]
[EventType "team-swiss"]
[EventDate "2015.12.26"]

1. e4 c6 2. d4 d5 3. exd5 cxd5 4. Nf3 Bg4 5. h3 Bxf3 6. Qxf3 Nf6 7. Bd3 e6 8.
O-O Nc6 9. c3 Qc7 10. Bg5 Be7 11. Nd2 O-O-O 12. a4 e5 13. dxe5 Nxe5 14. Bf5+
Kb8 15. Qe2 Rhe8 16. Nf3 h6 17. Qxe5 Bd6 18. Qd4 hxg5 19. Rfe1 Bc5 20. Qd2 Qf4
21. Qxf4+ gxf4 22. Rad1 d4 23. Rxe8 Rxe8 24. Nxd4 Rd8 25. Nc6+ bxc6 26. Rxd8+
Kc7 27. Rd3 g6 28. Bg4 Ne4 29. Rd7+ Kb6 30. a5+ Kb5 31. Rb7+ Kc4 32. Be2+ Kd5
33. Bf3 Bxf2+ 34. Kf1 Be3 35. c4+ Ke5 36. Re7+ Kd4 37. Rxe4+ 1-0

[Event "DVM U14 2015"]
[Site "Verden/Aller GER"]
[Date "2015.12.28"]
[Round "4"]
[White "Summers, Jan"]
[Black "Mallon, Frederik"]
[Result "1/2-1/2"]
[Termination "normal"]
[Board "6.4"]
[WhiteElo "1185"]
[BlackElo "1397"]
[WhiteTeam "Königsspringer SC 1984"]
[BlackTeam "TuS Coswig 1920"]
[PlyCount "41"]
[WhiteFideId "16217624"]
[BlackFideId "12985104"]
[EventCountry "GER"]
[EventRounds "7"]
[EventType "team-swiss"]
[EventDate "2015.12.26"]

1. e4 c5 2. c3 Nc6 3. d4 cxd4 4. cxd4 e6 5. Nc3 Bb4 6. Nf3 Nf6 7. Bd3 O-O 8.
O-O d5 9. exd5 Nxd5 10. Qc2 g6 11. a3 Ba5 12. Bb5 Nde7 13. Be3 a6 14. Bxc6 Nxc6
15. Rfd1 Ne7 16. Qb3 b5 17. d5 Bxc3 18. dxe6 Bxe6 19. Qxc3 Nd5 20. Qd3 Nxe3 21.
Qxe3 1/2-1/2

[Event "DVM U14 2015"]
[Site "Verden/Aller GER"]
[Date "2015.12.28"]
[Round "4"]
[White "Wendler, David"]
[Black "Savchenko, Daniel"]
[Result "1/2-1/2"]
[Termination "normal"]
[Board "7.1"]
[WhiteElo "1912"]
[BlackElo "1849"]
[WhiteTeam "SK Bebenhausen 1992"]
[BlackTeam "Düsseldorfer SK 14/25"]
[PlyCount "99"]
[WhiteFideId "12938360"]
[BlackFideId "12919195"]
[EventCountry "GER"]
[EventRounds "7"]
[EventType "team-swiss"]
[EventDate "2015.12.26"]

1. e4 d5 2. exd5 Qxd5 3. Nc3 Qd8 4. Bc4 g6 5. Nf3 Bg7 6. O-O Nh6 7. d3 O-O 8.
Re1 Nc6 9. Bf4 Nf5 10. Qc1 Na5 11. Bb3 Nxb3 12. axb3 c6 13. Be5 f6 14. Bf4 e5
15. Bd2 Re8 16. Ne4 Nd6 17. Ba5 Qd7 18. Bb4 Nb5 19. Qe3 b6 20. d4 f5 21. Nc3
Nxc3 22. Bxc3 e4 23. Ne5 Qe6 24. f4 Bb7 25. Ra2 Red8 26. Rea1 a6 27. Nc4 b5 28.
Ne5 Bf8 29. Ba5 Rdc8 30. b4 Qd5 31. Ra3 c5 32. bxc5 Rxc5 33. Rc3 Rxc3 34. bxc3
Rc8 35. Qe2 Bh6 36. Rf1 Bf8 37. Rc1 Qa2 38. Bb4 Bxb4 39. cxb4 Qb2 40. Qd2 Rc3
41. Nd7 e3 42. Qe1 Qxb4 43. d5 Qb2 44. h3 b4 45. Kh2 Kh8 46. Rb1 Qxc2 47. Qh4
Rc8 48. Qf6+ Kg8 49. Qe7 Kh8 50. Qf6+ 1/2-1/2